000
00293nam a2200109 a 4500
005
20200930080223.0
008
120309s1983 000 spa d
020
_a
8400052382
245
3
_a
La diplomacia vaticana y la EspaƱa de Franco 1936-1945.
260
_a
Madrid,
_c
1983.
999
_c
36712
_d
36712
040
_a
DO-SdBNP